| 000 | 01581nam a22003617a 4500 | ||
|---|---|---|---|
| 003 | CHAP | ||
| 005 | 20220329143908.0 | ||
| 008 | 120625s2012 mx r 00010 spa d | ||
| 010 | _a103432 | ||
| 011 | _a104404 | ||
| 035 | _a115094 | ||
| 040 | _cCHAP | ||
| 090 | _aTesis | ||
| 100 | 1 |
_aSantiago Ortega, Mario Alberto _9102377 |
|
| 245 | 1 | 0 |
_aImpacto de diferentes estrategias de manejo productivo sobre el costo de producción de leche, en cinco establos del municipio de Encarnación de Díaz, Jalisco _h[En línea] _c/por Mario Alberto Santiago Ortega |
| 260 |
_aChapingo, Méx. : _bEl autor, _c2012 |
||
| 500 | _aPara ver el contenido del material haga clic en la liga | ||
| 502 | _aTesis (Ing. Agr. Esp. en Zootecnia) -- UACH. Departamento de Enseñanza, Investigación y Servicio en Zootecnia | ||
| 590 |
_aALEPH _b10 _c20130110 _lUCH01 _h1545 |
||
| 590 |
_aBATCH-UPD _b10 _c20130110 _lUCH01 _h1806 |
||
| 590 |
_aBATCH-UPD _b10 _c20130410 _lUCH01 _h1142 |
||
| 590 |
_aBATCH-UPD _b10 _c20130914 _lUCH01 _h1717 |
||
| 590 |
_aBATCH-UPD _b10 _c20140324 _lUCH01 _h1531 |
||
| 590 |
_aCONVERSION _b10 _c20130109 _lUCH01 _h1357 |
||
| 650 | 0 | 4 |
_aLeche _xCostos de producción. _965371 |
| 650 | 0 | 4 |
_aLeche _xJalisco. _965380 |
| 650 | 0 | 4 |
_aLeche _xNormas de calidad. _965396 |
| 856 |
_3Finding aidhttp://www.ceres.chapingo.mx:2048/login?url=http://10.13.5.2/tesis/115094.pdf _zTeclea aqui |
||
| 901 | _aBK | ||
| 942 | _cFOLL | ||
| 949 |
_aTesis _bBC _cTES _d33724002325454 _eTS1 _gDonaciØn _h53501 _i115094 _st |
||
| 949 |
_aTesis _bBC _cTES _d33724002325496 _eTS2 _fc.2 _gDonaciØn _h53502 _i115094 _st |
||
| 999 |
_c103432 _d103432 |
||